[Event "Niedersachsen-ch op"]
[Site "Verden"]
[Date "2011.01.04"]
[Round "5"]
[White "Weis, Hans Juergen"]
[Black "Engelke, Tobias"]
[Result "0-1"]
[WhiteElo "1564"]
[BlackElo "1639"]
[PlyCount "54"]
[EventDate "2011.01.02"]
[EventType "swiss"]
[EventRounds "7"]
[EventCountry "GER"]
[SourceTitle "EXT 2018"]
[Source "ChessBase"]
[SourceDate "2017.10.13"]
[SourceVersion "1"]
[SourceVersionDate "2017.10.13"]
[SourceQuality "1"]

1. d4 d5 2. c4 dxc4 3. e3 Nf6 4. Nc3 e6 5. Bxc4 Nbd7 6. Nf3 a6 7. a4 Be7 8. 0-0 0-0 9. e4 c5 10. d5 exd5 11. Bxd5 Nb6 12. Qb3 Nfxd5 13. Nxd5 Nxd5 14. Rd1 Qb6 15. Qxb6 Nxb6 16. Be3 Nc4 17. Bc1 Be6 18. Ng5 h6 19. Nxe6 fxe6 20. Rd7 Rad8 21. Rxd8 Rxd8 22. Kf1 Bf6 23. Ke2 Bxb2 24. Bxb2 Rd2+ 25. Kf3 Rxb2 26. Rc1 Ne5+ 27. Kf4 Nd3+ 0-1

[Event "Niedersachsen-ch op"]
[Site "Verden"]
[Date "2011.01.02"]
[Round "2"]
[White "Weis, Hans Juergen"]
[Black "Neumann, Tiemon"]
[Result "1-0"]
[WhiteElo "1564"]
[BlackElo "1088"]
[PlyCount "33"]
[EventDate "2011.01.02"]
[EventType "swiss"]
[EventRounds "7"]
[EventCountry "GER"]
[SourceTitle "EXT 2018"]
[Source "ChessBase"]
[SourceDate "2017.10.13"]
[SourceVersion "1"]
[SourceVersionDate "2017.10.13"]
[SourceQuality "1"]

1. d4 d5 2. c4 dxc4 3. e4 c5 4. d5 e5 5. Bxc4 Nf6 6. Nc3 Qa5 7. Bd2 Qb4 8. Qb3 a6 9. d6 Bxd6 10. Bxf7+ Kf8 11. Bd5 Nxd5 12. Qxd5 Ke7 13. Nf3 Be6 14. Bg5+ Kd7 15. Nxe5+ Kc7 16. Qxe6 Qxb2 17. Nd5# 1-0

[Event "Niedersachsen-ch open"]
[Site "Verden"]
[Date "2010.01.04"]
[Round "3.45"]
[White "Kimmich, Bernd"]
[Black "Weis, Hans Juergen"]
[Result "1-0"]
[WhiteElo "1928"]
[BlackElo "1371"]
[PlyCount "61"]
[EventDate "2010.01.03"]
[EventType "swiss"]
[EventRounds "7"]
[EventCountry "GER"]
[SourceTitle "EXT 2012"]
[Source "ChessBase"]
[SourceDate "2011.11.24"]
[SourceVersion "1"]
[SourceVersionDate "2011.11.24"]
[SourceQuality "1"]

1. d4 d5 2. Nf3 e6 3. c4 Nc6 4. e3 Nf6 5. Nc3 Bb4 6. a3 Bxc3+ 7. bxc3 0-0 8. Be2 Ne4 9. Qc2 f5 10. 0-0 Rf6 11. cxd5 exd5 12. c4 Be6 13. Bb2 Rg6 14. Rac1 Ng5 15. Nxg5 Qxg5 16. Bf3 Rd8 17. g3 f4 18. cxd5 Bxd5 19. e4 Be6 20. d5 Bh3 21. dxc6 Rxc6 22. Qb3+ Be6 23. Qxb7 Rb6 24. Qxc7 Rxb2 25. Qxf4 Qxf4 26. gxf4 Rb3 27. Be2 Rxa3 28. f5 Bc8 29. Rc7 Kf8 30. Rfc1 Ba6 31. Rxa7 1-0